[Event "Tournoi Skype 032B"]
[Site "Skype"]
[Date "????.??.??"]
[Round "4.16"]
[White "Crocioni, Luca"]
[Black "Ruiz Aguilera, Juan Jesus"]
[Result "0-1"]
[WhiteElo "1566"]
[BlackElo "1500"]
[PlyCount "118"]

1. e4 e5 2. Nc3 Nf6 3. Bc4 Bc5 4. Nd5 Nxe4 5. Qg4 Bxf2+ 6. Kd1 Ng5 7. d3 Ne6 8.
Nh3 c6 9. Nc3 d5 10. Bb3 Bd4 11. Ne2 h5 12. Qg3 h4 13. Qg4 Bc5 14. c3 Qf6 15.
Kd2 Qg6 16. Qxg6 fxg6 17. Kc2 O-O 18. d4 exd4 19. cxd4 Nxd4+ 20. Nxd4 Bxd4 21.
Bd2 Bf5+ 22. Kd1 Bxb2 23. Rc1 Bg4+ 24. Kc2 Bxc1 25. Kxc1 Nd7 26. Bc2 Bf5 27.
Bd1 Rae8 28. Bg5 Bxh3 29. gxh3 Re4 30. Kc2 Ne5 31. Be7 Rf7 32. Bg5 Rf5 33. Bd8
Rf8 34. Be7 Rf2+ 35. Kc3 d4+ 36. Kb3 Re3+ 37. Kb4 Nd3+ 38. Kc4 Nb2+ 39. Kxd4
Nxd1 40. Rxd1 Rxe7 41. Rg1 Rd2+ 42. Kc3 Rxa2 43. Rxg6 Rxh2 44. Kc4 Rxh3 45. Kc5
Re5+ 46. Kd6 Rhe3 47. Rg4 h3 48. Kc7 h2 49. Rh4 Re7+ 50. Kd6 Re2 51. Rh3 R7e3
52. Rh4 Rd2+ 53. Kc5 Rc3+ 54. Kb4 Rg3 55. Kc5 Rg5+ 56. Kc4 Ra5 57. Kb3 Rc5 58.
Kb4 Rc1 59. Kb3 h1=Q 0-1

[Event "Tournoi Skype 032B"]
[Site "Skype"]
[Date "????.??.??"]
[Round "4.17"]
[White "Ortis, Yves"]
[Black "Duthoit, Bernard"]
[Result "0-1"]
[WhiteElo "1452"]
[BlackElo "1566"]
[PlyCount "58"]

1. e4 e6 2. Nf3 d5 3. exd5 exd5 4. d4 Nf6 5. Nc3 Bb4 6. Bd2 O-O 7. Bd3 Re8+ 8.
Ne5 Ng4 9. O-O Nxe5 10. dxe5 Rxe5 11. Bf4 Re8 12. Ne2 d4 13. a3 Ba5 14. b4 Bb6
15. c3 dxc3 16. Nxc3 Bd4 17. Qc2 a5 18. Rab1 c6 19. Bxh7+ Kf8 20. b5 Qf6 21. g3
Bxc3 22. Bd2 Bxd2 23. Qxd2 Bh3 24. Rfc1 Qf3 25. Be4 Qxe4 26. f3 Qxf3 27. Rc3
Qe4 28. Rbc1 Nd7 29. Kf2 Qg2# 0-1

[Event "Tournoi Skype 032B"]
[Site "Skype"]
[Date "????.??.??"]
[Round "4.18"]
[White "Luna Perez Vico, Lorenzo"]
[Black "Chamorro Cajina, Ivan Antonio"]
[Result "1-0"]
[WhiteElo "1562"]
[BlackElo "1490"]
[PlyCount "93"]

1. e4 c5 2. Nf3 e6 3. c4 g6 4. Nc3 Bg7 5. d4 cxd4 6. Nxd4 Nc6 7. Be3 Nf6 8. Be2
O-O 9. Ndb5 Ne8 10. O-O a6 11. Nd6 Qe7 12. c5 Be5 13. Nxe8 Rxe8 14. f4 Bg7 15.
Qd6 Nb4 16. Qxe7 Rxe7 17. Rfc1 Bxc3 18. Rxc3 Nxa2 19. Rxa2 Rb8 20. b4 Re8 21.
Rd3 Rd8 22. Rd6 Kg7 23. Bd4+ f6 24. e5 f5 25. Be3 h5 26. b5 axb5 27. Bxb5 Kh6
28. Rad2 h4 29. Bxd7 Bxd7 30. Rxd7 Rxd7 31. Rxd7 Kh5 32. h3 Kh6 33. Bf2 g5 34.
fxg5+ Kxg5 35. Rg7+ Kh6 36. Re7 f4 37. Rxe6+ Kg5 38. Re7 Rc8 39. Rxb7 Rc6 40.
Rd7 Re6 41. Bd4 Kf5 42. Rd6 Re8 43. c6 Rc8 44. e6 Ke4 45. e7 f3 46. Rd8 Rxc6
47. e8=Q+ 1-0

[Event "Tournoi Skype 032B"]
[Site "Skype"]
[Date "????.??.??"]
[Round "4.19"]
[White "Montilla Bejarano, Mey"]
[Black "Hernandez Monzon, Alejandro"]
[Result "1-0"]
[WhiteElo "1450"]
[BlackElo "1552"]
[PlyCount "45"]

1. d4 d5 2. c4 Nc6 3. c5 e6 4. Nf3 Nf6 5. Nc3 b6 6. Qa4 Bd7 7. Qd1 bxc5 8. dxc5
Bxc5 9. e3 a6 10. a3 e5 11. b4 Bxb4 12. axb4 Bg4 13. Qa4 Bd7 14. b5 Ne7 15.
Nxe5 O-O 16. Nxd7 Qxd7 17. bxa6 Qe6 18. Be2 Rfd8 19. O-O c5 20. Nb5 Qe5 21. f4
Qb8 22. Rb1 Ng4 23. Bxg4 1-0

[Event "Tournoi Skype 032B"]
[Site "Skype"]
[Date "????.??.??"]
[Round "4.20"]
[White "Cengiz, Ali Ekber"]
[Black "Ruiz Gomez, Luz Alba"]
[Result "0-1"]
[WhiteElo "1544"]
[BlackElo "1472"]
[PlyCount "66"]

1. e4 e5 2. Nf3 Nc6 3. Nc3 Nf6 4. a3 Bc5 5. h3 d6 6. Be2 O-O 7. d3 Be6 8. Bd2
a6 9. b4 Ba7 10. b5 Nd4 11. a4 axb5 12. axb5 c6 13. bxc6 bxc6 14. O-O h6 15.
Nh2 Bc5 16. Na4 Qc7 17. Nxc5 Rxa1 18. Qxa1 dxc5 19. Bd1 Qb7 20. Bc3 Qa8 21. Qc1
Rb8 22. Nf3 Nd7 23. Nh2 Re8 24. Bb2 Qd8 25. c3 Nb5 26. Be2 Qf6 27. Qe3 Qg6 28.
Ra1 Rb8 29. Rf1 Nd6 30. Ba1 Ne8 31. d4 cxd4 32. cxd4 Nef6 33. Bd3 exd4 0-1

[Event "Tournoi Skype 032B"]
[Site "Skype"]
[Date "????.??.??"]
[Round "4.21"]
[White "Ibanez, Bittor"]
[Black "Hernandez, Enrique"]
[Result "1-0"]
[WhiteElo "1440"]
[BlackElo "1543"]
[PlyCount "23"]

1. e4 e5 2. Nf3 d6 3. h3 a6 4. Bc4 c6 5. d4 Nd7 6. Nc3 b5 7. Bb3 Ngf6 8. dxe5
dxe5 9. Ng5 Nd5 10. exd5 Nc5 11. Qf3 Nxb3 12. Qxf7# 1-0

[Event "Tournoi Skype 032B"]
[Site "Skype"]
[Date "????.??.??"]
[Round "4.22"]
[White "Mira Poveda, Jose Antonio"]
[Black "Vervoort, Jean-Louis"]
[Result "0-1"]
[WhiteElo "1542"]
[BlackElo "1459"]
[PlyCount "30"]

1. e4 d5 2. Nc3 Nf6 3. d4 Bg4 4. Be2 Bxe2 5. Qxe2 e6 6. e5 Nfd7 7. Nf3 h6 8.
O-O Bb4 9. Qb5 Na6 10. Qxb7 Bxc3 11. Qxa6 Bb4 12. Qa4 Be7 13. b3 O-O 14. c4 Nb6
15. Qa3 Bxa3 0-1

[Event "Tournoi Skype 032B"]
[Site "Skype"]
[Date "????.??.??"]
[Round "4.23"]
[White "Rodriguez, Nathalie"]
[Black "Maccaferri, Massimo"]
[Result "1-0"]
[WhiteElo "1537"]
[BlackElo "1444"]
[PlyCount "33"]

1. d4 e5 2. dxe5 Nc6 3. Nf3 Qe7 4. Nc3 Nxe5 5. Nxe5 Qxe5 6. g3 Bb4 7. Qd3 b6 8.
Bf4 Qb5 9. Qxb5 a5 10. Bg2 Rb8 11. Qe5+ Ne7 12. Qxg7 Rg8 13. Qxh7 d6 14. O-O
Ba6 15. Bf3 Kd7 16. Nd5 Rh8 17. Qxf7 1-0

[Event "Tournoi Skype 032B"]
[Site "Skype"]
[Date "????.??.??"]
[Round "4.24"]
[White "Bledsoe, Megan"]
[Black "Guevara, Lizbeth"]
[Result "1-0"]
[WhiteElo "1436"]
[BlackElo "1534"]
[PlyCount "69"]

1. Nf3 Nc6 2. d4 Nf6 3. d5 Na5 4. Nc3 e6 5. e4 Bc5 6. Bg5 h6 7. Bxf6 Qxf6 8. e5
Qf4 9. a3 O-O 10. b4 Bxf2+ 11. Kxf2 Nc6 12. dxc6 d6 13. exd6 Qxd6 14. Qxd6 cxd6
15. c7 f6 16. Rd1 Rf7 17. Nb5 d5 18. c4 Re7 19. cxd5 a6 20. d6 Rf7 21. Nbd4 a5
22. Nb5 Bd7 23. Rc1 Rff8 24. Bc4 g5 25. Nbd4 Rf7 26. Nxe6 Rh7 27. Nexg5+ Kg7
28. Nxh7 Bf5 29. Rhd1 Bd7 30. Be6 Bc6 31. d7 Bxf3 32. gxf3 axb4 33. d8=Q Kxh7
34. Bf5+ Kg7 35. Rd7# 1-0

[Event "Tournoi Skype 032B"]
[Site "Skype"]
[Date "????.??.??"]
[Round "4.25"]
[White "Radice, Marco"]
[Black "Achicanoy, Yolanda"]
[Result "1-0"]
[WhiteElo "1534"]
[BlackElo "1443"]
[PlyCount "39"]

1. d4 d5 2. Nf3 Nc6 3. g3 e6 4. Bg2 Be7 5. O-O Nf6 6. c4 dxc4 7. Nc3 O-O 8. Qa4
a6 9. Qxc4 b5 10. Qxc6 Rb8 11. Bf4 Bd7 12. Qxc7 Qxc7 13. Bxc7 Rb7 14. Bf4 a5
15. Ne5 Ra7 16. Nxd7 Rxd7 17. Nxb5 Bd8 18. Rfe1 Re8 19. Bc6 h6 20. Bxd7 1-0

[Event "Tournoi Skype 032B"]
[Site "Skype"]
[Date "????.??.??"]
[Round "4.26"]
[White "Alarcon Alarcon, Marina"]
[Black "Marin Gomez, Ian Javier"]
[Result "0-1"]
[WhiteElo "1527"]
[BlackElo "1442"]
[PlyCount "64"]

1. e4 e5 2. Nf3 Nc6 3. Bc4 Bc5 4. c3 h6 5. d3 Nf6 6. b4 Bb6 7. a4 a6 8. O-O d6
9. Be3 O-O 10. Bxb6 cxb6 11. b5 axb5 12. Bxb5 Be6 13. Nbd2 Qe7 14. h3 Rfe8 15.
Bxc6 bxc6 16. c4 d5 17. Nxe5 dxe4 18. Nxc6 Qb7 19. Nd4 Bd7 20. Nxe4 Nxe4 21.
dxe4 Qxe4 22. Nf3 Be6 23. Nd2 Qc6 24. Re1 Rad8 25. Qc1 Rd7 26. a5 Red8 27. Nf3
Bxh3 28. axb6 Rd3 29. Qf4 Rd2 30. gxh3 R8d3 31. Nxd2 Rxh3 32. b7 Qh1# 0-1

[Event "Tournoi Skype 032B"]
[Site "Skype"]
[Date "????.??.??"]
[Round "4.27"]
[White "Jimenez Del Rosario, Alsis Raynely"]
[Black "Diaz Yara, Jose Mauricio"]
[Result "1-0"]
[WhiteElo "1515"]
[BlackElo "1435"]
[PlyCount "73"]

1. b3 e5 2. Bb2 Nc6 3. Nf3 e4 4. Ne5 Nxe5 5. Bxe5 d6 6. Bb2 Nf6 7. Nc3 d5 8. d3
Bf5 9. dxe4 Nxe4 10. Nxe4 Bxe4 11. f3 Bg6 12. Qd4 Qd7 13. e4 Be7 14. Qxd5 Qe6
15. Qxe6 fxe6 16. Bxg7 Rg8 17. Be5 O-O-O 18. g3 h5 19. Bd3 h4 20. O-O-O Rgf8
21. f4 Bh5 22. Rde1 Bf3 23. Rhg1 Bg2 24. Rxg2 Ba3+ 25. Bb2 Bxb2+ 26. Kxb2 hxg3
27. hxg3 Rd6 28. e5 Rd4 29. Bc4 Kd7 30. Kc3 c5 31. Bb5+ Kc7 32. Kb2 a6 33. Bc4
Kd7 34. c3 Rxc4 35. bxc4 b5 36. cxb5 axb5 37. Rd1+ 1-0

[Event "Tournoi Skype 032B"]
[Site "Skype"]
[Date "????.??.??"]
[Round "4.28"]
[White "Valmalette, Alain"]
[Black "Gerbaux, Regis"]
[Result "0-1"]
[WhiteElo "1513"]
[BlackElo "1400"]
[PlyCount "71"]

1. d4 d5 2. Nf3 Nf6 3. Bf4 e6 4. e3 Nbd7 5. c4 c6 6. Nc3 b6 7. Qc2 Bb7 8. a3 c5
9. Nb5 Rc8 10. Nxa7 Ra8 11. Nb5 Rc8 12. Bd6 Nb8 13. Bxf8 Rxf8 14. Qa4 Bc6 15.
Ne5 Ke7 16. Bd3 Re8 17. Qa7+ Nbd7 18. Nxc6+ Rxc6 19. cxd5 exd5 20. O-O Kf8 21.
b4 g6 22. Qa6 Rce6 23. Qa4 Ne4 24. Qc2 Ndf6 25. f3 Nd6 26. Rae1 c4 27. Nxd6
Qxd6 28. Be2 Rxe3 29. h3 Nh5 30. Rf2 Qg3 31. Ref1 Nf4 32. Kh1 Rxa3 33. Qd2 Nxe2
34. Rxe2 Rxe2 35. Qxe2 Re3 36. Qxe3 0-1

[Event "Tournoi Skype 032B"]
[Site "Skype"]
[Date "????.??.??"]
[Round "4.29"]
[White "De Coninck, Philippe"]
[Black "Saglam, Derya"]
[Result "1-0"]
[WhiteElo "1510"]
[BlackElo "1400"]
[PlyCount "89"]

1. e4 c6 2. d4 d5 3. e5 Bf5 4. Nc3 e6 5. Nf3 Bb4 6. Bd2 Ba5 7. h3 Ne7 8. Na4
O-O 9. Be2 h6 10. g4 Be4 11. Bc3 b5 12. Nc5 Bb6 13. Nxe4 dxe4 14. Nh4 Nd5 15.
Ng2 Ba5 16. Bxa5 Qxa5+ 17. Qd2 Nb4 18. a3 Nd7 19. O-O e3 20. Qxb4 exf2+ 21.
Rxf2 Qb6 22. Qd2 a5 23. Raf1 c5 24. c3 b4 25. d5 Nxe5 26. dxe6 Qxe6 27. axb4
cxb4 28. cxb4 a4 29. Nf4 Qb6 30. Nd5 Qa7 31. g5 hxg5 32. Qxg5 f6 33. Nxf6+ Rxf6
34. Qxe5 Rg6+ 35. Kh2 Qb7 36. Bc4+ Kh8 37. Qh5+ Rh6 38. Rf8+ Rxf8 39. Rxf8+ Kh7
40. Bd3+ g6 41. Bxg6+ Kg7 42. Rg8+ Kxg8 43. Qxh6 Qc8 44. Qh7+ Kf8 45. Qf7# 1-0

[Event "Tournoi Skype 032B"]
[Site "Skype"]
[Date "????.??.??"]
[Round "4.30"]
[White "Ozturk, Ozgur"]
[Black "Bland, Marilyn"]
[Result "1-0"]
[WhiteElo "1435"]
[BlackElo "1468"]
[PlyCount "33"]

1. e4 c5 2. Nf3 e6 3. d4 Nc6 4. dxc5 Bxc5 5. Bc4 Nf6 6. O-O Nxe4 7. a3 O-O 8.
b4 d5 9. Bd3 Bb6 10. Bb2 Qd6 11. Bxe4 f5 12. Bd3 Bd7 13. g3 f4 14. Bxh7+ Kxh7
15. Ng5+ Kg8 16. Qh5 fxg3 17. Qh7# 1-0

[Event "Tournoi Skype 032B"]
[Site "Skype"]
[Date "????.??.??"]
[Round "4.31"]
[White "Busto, Ricardo"]
[Black "Schuh, David"]
[Result "1-0"]
[WhiteElo "1585"]
[BlackElo "1422"]
[PlyCount "73"]

1. Nf3 d5 2. d4 Nf6 3. c4 c6 4. Nc3 e6 5. cxd5 cxd5 6. Bg5 Be7 7. e3 Nbd7 8.
Bd3 b6 9. O-O Bb7 10. Rc1 a5 11. a3 O-O 12. Re1 h6 13. Bf4 Re8 14. Qc2 Rc8 15.
Qb3 Nh5 16. Be5 Nxe5 17. Nxe5 f6 18. Ng6 Bd6 19. Be2 Nf4 20. exf4 Qc7 21. Nb5
Qd7 22. Nxd6 Qxd6 23. Qd1 f5 24. Ne5 Re7 25. Rxc8+ Bxc8 26. Qc2 Rc7 27. Qd2 Kh7
28. b4 axb4 29. axb4 g6 30. Rc1 Qd8 31. Rxc7+ Qxc7 32. Qe3 Qa7 33. Qc3 Ba6 34.
b5 Bb7 35. Qc7+ Kg8 36. Qf7+ Kh8 37. Nxg6# 1-0

[Event "Tournoi Skype 032B"]
[Site "Skype"]
[Date "????.??.??"]
[Round "4.32"]
[White "Sauvaget, Joel"]
[Black "Alesse, Samuel"]
[Result "0-1"]
[WhiteElo "1553"]
[BlackElo "1400"]
[PlyCount "50"]

1. d4 d5 2. Bf4 e6 3. e3 Nf6 4. h3 Be7 5. Nf3 Nbd7 6. Nbd2 c5 7. c3 cxd4 8.
Nxd4 e5 9. Bh2 exd4 10. cxd4 Bb4 11. a3 Bxd2+ 12. Qxd2 Ne4 13. Qd1 Qh4 14. Qc2
O-O 15. g3 Qe7 16. Bg2 Re8 17. O-O b6 18. Rac1 Ba6 19. Rfe1 Rac8 20. Qb1 Rxc1
21. Rxc1 Rc8 22. Re1 Nd2 23. Qd1 Nc4 24. Re2 Nf6 25. Bxd5 Nxd5 0-1

[Event "Tournoi Skype 032B"]
[Site "Skype"]
[Date "????.??.??"]
[Round "4.33"]
[White "Vincent, Andre"]
[Black "Molina, Maria Lucia"]
[Result "1-0"]
[WhiteElo "1533"]
[BlackElo "1395"]
[PlyCount "53"]

1. d4 d5 2. g3 Nc6 3. Nf3 Nf6 4. Bg2 e6 5. Bf4 Bd7 6. e3 Bb4+ 7. c3 Ba5 8. O-O
O-O 9. Nbd2 h6 10. Be5 Nxe5 11. Nxe5 Bb5 12. Re1 Re8 13. Rc1 b6 14. b4 a6 15.
bxa5 bxa5 16. a4 Bd7 17. c4 Rb8 18. c5 Rb4 19. c6 Bc8 20. Rc5 Nh5 21. Qxh5 Qg5
22. Qxf7+ Kh7 23. Qxe8 Rb8 24. Ndf3 Qg4 25. h3 Qe4 26. Ng5+ hxg5 27. Bxe4+ 1-0

[Event "Tournoi Skype 032B"]
[Site "Skype"]
[Date "????.??.??"]
[Round "4.34"]
[White "Wildt, Gerti"]
[Black "Marroquin Mayhua, Silvia"]
[Result "1-0"]
[WhiteElo "1438"]
[BlackElo "1519"]
[PlyCount "75"]

1. d4 d5 2. Nf3 Nc6 3. c3 Bf5 4. Bf4 e6 5. e3 Nf6 6. Nbd2 h6 7. Be2 Be7 8. O-O
a6 9. h3 O-O 10. a3 Nh5 11. Bh2 Bd6 12. c4 Bxh2+ 13. Nxh2 Nf6 14. Rc1 Ne7 15.
Qb3 b5 16. cxb5 axb5 17. Bxb5 Rxa3 18. bxa3 c6 19. Ba6 Qd6 20. f4 Ne4 21. Nxe4
Bxe4 22. a4 Rb8 23. Bb7 Qc7 24. Rb1 f5 25. Rb2 Qd8 26. Ra1 Kh7 27. a5 Qe8 28.
a6 Ng6 29. a7 Rd8 30. a8=Q Nh4 31. Qxd8 Qxd8 32. Ra8 Qf6 33. Bxc6 Nxg2 34. Qb8
Qh4 35. Qh8+ Kg6 36. Qe8+ Kf6 37. Qf8+ Kg6 38. Be8+ 1-0

[Event "Tournoi Skype 032B"]
[Site "Skype"]
[Date "????.??.??"]
[Round "4.35"]
[White "Abate, Luigi"]
[Black "Davanzo, Luca"]
[Result "1/2-1/2"]
[WhiteElo "1506"]
[BlackElo "1400"]
[PlyCount "61"]

1. e4 c5 2. Nf3 d6 3. c4 Nf6 4. Nc3 e5 5. h3 Nc6 6. d3 a6 7. Bg5 Be7 8. Qa4 O-O
9. Be2 h6 10. Bh4 Nxe4 11. Bxe7 Nxc3 12. Bxd8 Nxa4 13. Bc7 Nxb2 14. Bxd6 Re8
15. Nd2 Bf5 16. O-O Nxd3 17. Bxd3 Bxd3 18. Rfc1 Red8 19. Bxc5 Nd4 20. Kh2 Rac8
21. Bxd4 exd4 22. c5 Kf8 23. a3 a5 24. Ra2 b6 25. Nb3 bxc5 26. Nxa5 Rd5 27. Rd2
Ba6 28. Nc4 Bxc4 29. Rxc4 Ra8 30. a4 f5 31. f4 1/2-1/2

[Event "Tournoi Skype 032B"]
[Site "Skype"]
[Date "????.??.??"]
[Round "4.36"]
[White "Huerta Lopez, Cesar Rogelio"]
[Black "Ricord, Gerardo"]
[Result "1-0"]
[WhiteElo "1498"]
[BlackElo "1371"]
[PlyCount "85"]

1. b3 e5 2. Bb2 Nc6 3. e3 Nf6 4. Bb5 Bc5 5. Bxc6 dxc6 6. Bxe5 Bg4 7. f3 Bh5 8.
g4 Qe7 9. d4 O-O-O 10. Qe2 Bb4+ 11. c3 Bd6 12. Bxd6 Rxd6 13. gxh5 Nxh5 14. Nh3
Qh4+ 15. Nf2 Re8 16. Nd2 Nf4 17. Qf1 Rxe3+ 18. Kd1 Rxc3 19. Rc1 Re3 20. Kc2
Rxd4 21. Re1 Re7 22. Rxe7 Qxe7 23. Qe1 Qc5+ 24. Nc4 Qf5+ 25. Ne4 b5 26. Ne3 Qd7
27. Rg1 Nd3 28. Qg3 Nb4+ 29. Kc3 Nxa2+ 30. Kb2 Nb4 31. Qxg7 Nd3+ 32. Kb1 Qe7
33. Qxd4 Nb4 34. Rg8+ Kb7 35. Nc5+ Kb6 36. Nd3+ Ka5 37. Qxa7+ Na6 38. b4+ Ka4
39. Qxa6+ Kb3 40. Qa2+ Kc3 41. Qc2+ Kd4 42. Nf5+ Kd5 43. Nxe7+ 1-0

[Event "Tournoi Skype 032B"]
[Site "Skype"]
[Date "????.??.??"]
[Round "4.37"]
[White "Reese, Evan"]
[Black "Schllosser, Marcos Antonio"]
[Result "1-0"]
[WhiteElo "1484"]
[BlackElo "1328"]
[PlyCount "69"]

1. e4 e5 2. Nf3 Nc6 3. Bc4 Bc5 4. O-O d6 5. h3 h6 6. Nc3 Nf6 7. d3 O-O 8. b3 d5
9. exd5 Ne7 10. Nxe5 Nf5 11. Qf3 Nh4 12. Qg3 Ng6 13. Be3 Bd6 14. d4 Qe7 15.
Rfe1 Nxe5 16. Bxh6 Ng6 17. Rxe7 Bxe7 18. Bg5 Bf5 19. Qxc7 b5 20. Nxb5 a6 21.
Nd6 Bxd6 22. Qxd6 Rfe8 23. Bxf6 gxf6 24. Qxf6 Bd7 25. d6 a5 26. Qxf7+ Kh8 27.
Qxg6 Re2 28. Bxe2 Be8 29. Qf6+ Kg8 30. d7 Bxd7 31. Bc4+ Kh7 32. Re1 Be8 33.
Re7+ Bf7 34. Rxf7+ Kg8 35. Qg7# 1-0

[Event "Tournoi Skype 032B"]
[Site "Skype"]
[Date "????.??.??"]
[Round "4.38"]
[White "Lopes, Jonatan"]
[Black "Colangelo, Michele"]
[Result "0-1"]
[WhiteElo "1400"]
[BlackElo "1464"]
[PlyCount "80"]

1. d4 d5 2. c4 e6 3. Nf3 Nc6 4. Nc3 Bb4 5. Bd2 Nf6 6. a3 Ba5 7. b4 Bb6 8. e3 a6
9. Bd3 O-O 10. O-O Re8 11. c5 Ba7 12. e4 dxe4 13. Nxe4 Nxd4 14. Nxf6+ Qxf6 15.
Ng5 Nf5 16. Qh5 Qg6 17. Qg4 Rd8 18. Bxf5 Qxf5 19. Qh5 h6 20. Nxf7 Qxf7 21. Qg4
Rxd2 22. Rad1 Rxd1 23. Rxd1 e5 24. Rd8+ Kh7 25. Qe4+ Bf5 26. Qh4 Rxd8 27. Qxd8
Qd7 28. Qxd7 Bxd7 29. g3 b6 30. f4 e4 31. Kf2 bxc5 32. Ke3 Bc6 33. f5 cxb4+ 34.
Kf4 bxa3 35. g4 a2 36. g5 a1=Q 37. g6+ Kg8 38. f6 Qxf6+ 39. Kg4 Bd7+ 40. Kh5
Qg5# 0-1

[Event "Tournoi Skype 032B"]
[Site "Skype"]
[Date "????.??.??"]
[Round "4.39"]
[White "Bendre, Nilesh"]
[Black "Baker, Abi"]
[Result "1-0"]
[WhiteElo "1400"]
[BlackElo "1438"]
[PlyCount "87"]

1. e4 d5 2. e5 c5 3. Nf3 Nc6 4. d4 cxd4 5. Nxd4 Nxd4 6. Qxd4 e6 7. Nc3 Bb4 8.
Qxb4 Ne7 9. Bb5+ Bd7 10. Bxd7+ Qxd7 11. Nb5 Rc8 12. Nd6+ Kd8 13. Nxc8 Qxc8 14.
c3 b6 15. Bg5 Re8 16. O-O h6 17. Bh4 g5 18. Bg3 f5 19. f4 Rg8 20. Rac1 Nc6 21.
Qd6+ Qd7 22. c4 d4 23. Rfd1 Ke8 24. c5 b5 25. Bf2 gxf4 26. Bxd4 Qg7 27. Qxc6+
Kf7 28. Rd2 f3 29. Rcc2 Qg5 30. Qxf3 Qh4 31. Rc1 Qg5 32. Be3 Qh4 33. Rd7+ Kg6
34. c6 Qa4 35. Qg3+ Qg4 36. Qxg4+ fxg4 37. c7 a5 38. c8=Q Rxc8 39. Rxc8 h5 40.
Rg8+ Kf5 41. Rh8 Kxe5 42. Rxh5+ Ke4 43. Kf2 b4 44. Rd4# 1-0

[Event "Tournoi Skype 032B"]
[Site "Skype"]
[Date "????.??.??"]
[Round "4.40"]
[White "Tolaro, Filippa"]
[Black "Hargez, Dany"]
[Result "1-0"]
[WhiteElo "1400"]
[BlackElo "1578"]
[PlyCount "81"]

1. Nf3 d5 2. d4 Nf6 3. Bf4 Bf5 4. e3 e6 5. Bg5 Nbd7 6. c3 Be7 7. Bf4 O-O 8.
Nbd2 Ne4 9. Nxe4 dxe4 10. Ne5 Nf6 11. Be2 c6 12. O-O Qb6 13. Nc4 Qc7 14. Bxc7
Rac8 15. Bd6 Bxd6 16. Nxd6 Rcd8 17. Nxb7 Rd5 18. f3 Bg6 19. Nc5 Bh5 20. fxe4
Rg5 21. Bxh5 Nxh5 22. e5 Rb8 23. Ne4 Rf5 24. Rxf5 exf5 25. Qxh5 fxe4 26. Rf1 g6
27. Qh4 Rxb2 28. Qd8+ Kg7 29. Qf6+ Kh6 30. Qf4+ Kh5 31. Qxe4 Rxa2 32. Qf3+ Kh6
33. Qxf7 a5 34. Qf8+ Kh5 35. Qf3+ Kh6 36. g4 Rc2 37. Qf8+ Kg5 38. Qf4+ Kh4 39.
g5+ Kh5 40. h3 Rxc3 41. Qg4# 1-0

[Event "Tournoi Skype 032B"]
[Site "Skype"]
[Date "????.??.??"]
[Round "4.42"]
[White "Costa, Silveria"]
[Black "Ponz Lazaro, Ruperto"]
[Result "0-1"]
[WhiteElo "1400"]
[BlackElo "1558"]
[PlyCount "64"]

1. d4 d5 2. Nc3 Nf6 3. Bg5 e6 4. e3 Nbd7 5. Bc4 dxc4 6. Nf3 Be7 7. a3 O-O 8.
Qe2 Nb6 9. Ne5 h6 10. Bxf6 Bxf6 11. Ng4 Bd7 12. Qf3 Bc6 13. Qg3 Kh8 14. Qf4 Bg5
15. Qg3 f5 16. Ne5 Kg8 17. h4 Bf6 18. Nxc6 bxc6 19. Rh3 Nd5 20. Ne2 Qd6 21.
Qxd6 cxd6 22. h5 Rab8 23. b4 cxb3 24. Rb1 bxc2 25. Rc1 Rb1 26. Kd2 Rxc1 27.
Nxc1 Rc8 28. Kxc2 c5 29. Kd3 cxd4 30. exd4 Rxc1 31. Ke2 Nf4+ 32. Kf3 Nxh3 0-1

[Event "Tournoi Skype 032B"]
[Site "Skype"]
[Date "????.??.??"]
[Round "4.43"]
[White "Ahrens, Melanie"]
[Black "De Deus, Licelia"]
[Result "0-1"]
[WhiteElo "1550"]
[BlackElo "1400"]
[PlyCount "94"]

1. e4 c5 2. Nf3 e6 3. d4 cxd4 4. Nxd4 Bc5 5. Nb3 Bb4+ 6. c3 Bd6 7. Be2 Qc7 8.
g3 Nf6 9. Bd3 O-O 10. O-O Nc6 11. Na3 a6 12. Nc4 Ng4 13. Qxg4 Ne5 14. Qd1 f5
15. Nxe5 Bxe5 16. exf5 exf5 17. Re1 Qc6 18. Rxe5 d6 19. Re1 b5 20. Kf1 Qh1+ 21.
Ke2 Qxh2 22. Rh1 Re8+ 23. Be3 Qg2 24. Qg1 Qc6 25. Qh2 h6 26. Qh5 Rf8 27. Nd4
Qd7 28. Nxf5 Qe6 29. b4 Bb7 30. Rac1 Be4 31. Bxe4 Qxe4 32. Kf1 Qd3+ 33. Kg1
Rxf5 34. Qg6 Qe4 35. Rxh6 Raf8 36. Qh7+ Kf7 37. Qg6+ Ke7 38. Qxd6+ Kf7 39. Qd7+
Qe7 40. Qxe7+ Kxe7 41. Bc5+ Rxc5 42. bxc5 gxh6 43. Re1+ Kf6 44. c6 Rc8 45. Rd1
Rxc6 46. g4 Kg5 47. f3 Kf4 0-1

[Event "Tournoi Skype 032B"]
[Site "Skype"]
[Date "????.??.??"]
[Round "4.44"]
[White "Coutellier, Olivia"]
[Black "Borg, Anthony"]
[Result "0-1"]
[WhiteElo "1400"]
[BlackElo "1548"]
[PlyCount "32"]

1. d4 d5 2. Nc3 c6 3. Nf3 Bg4 4. Ne5 Bf5 5. Bg5 f6 6. Qd2 fxe5 7. dxe5 h6 8. f4
hxg5 9. fxg5 Nd7 10. Nxd5 cxd5 11. O-O-O e6 12. h3 Rc8 13. c3 Nc5 14. g4 Be4
15. Rg1 Qa5 16. a3 Nb3# 0-1

[Event "Tournoi Skype 032B"]
[Site "Skype"]
[Date "????.??.??"]
[Round "4.45"]
[White "Bucherie, Volcy"]
[Black "Jacinto Sebastian, Carlos Ivan"]
[Result "0-1"]
[WhiteElo "1538"]
[BlackElo "1400"]
[PlyCount "50"]

1. Nf3 e6 2. g3 Bc5 3. d4 Bb6 4. Bg2 Nf6 5. O-O d6 6. c4 c5 7. e3 e5 8. d5 Bf5
9. Nc3 Qd7 10. a3 e4 11. Nd2 Bh3 12. Ndxe4 Bd8 13. Nxd6+ Ke7 14. Nxb7 Bxg2 15.
Kxg2 Qxb7 16. e4 h5 17. d6+ Kd7 18. f3 h4 19. Kh3 Kc8 20. e5 Qd7+ 21. g4 Nh5
22. Be3 f5 23. exf6 gxf6 24. Bxc5 f5 25. Bd4 Nf4# 0-1

[Event "Tournoi Skype 032B"]
[Site "Skype"]
[Date "????.??.??"]
[Round "4.46"]
[White "Vargas, Elvin"]
[Black "Facco Comunello, Lorenzo"]
[Result "0-1"]
[WhiteElo "1443"]
[BlackElo "1400"]
[PlyCount "70"]

1. e4 e5 2. Nf3 Nc6 3. Bc4 Bc5 4. Nc3 Nf6 5. d3 O-O 6. O-O h6 7. h3 Re8 8. Qe2
Na5 9. Be3 Bxe3 10. Qxe3 Nxc4 11. dxc4 d6 12. c5 d5 13. exd5 Nxd5 14. Nxd5 Qxd5
15. Rfe1 f6 16. Red1 Qc6 17. b4 a5 18. Qb3+ Be6 19. c4 axb4 20. Qxb4 Ra4 21.
Qc3 Rxc4 22. Qb2 Rxc5 23. Rac1 Rxc1 24. Rxc1 Qb6 25. Qxb6 cxb6 26. Rc7 Bd5 27.
a3 Rd8 28. Nh4 Bc6 29. Nf5 Rd7 30. Rc8+ Kf7 31. h4 Be4 32. g4 h5 33. Ne3 hxg4
34. Nxg4 Kg6 35. Rc4 Rd4 0-1

[Event "Tournoi Skype 032B"]
[Site "Skype"]
[Date "????.??.??"]
[Round "4.47"]
[White "Skura, Simone"]
[Black "Mascarenhas, Marco"]
[Result "1-0"]
[WhiteElo "1441"]
[BlackElo "1400"]
[PlyCount "113"]

1. e4 c5 2. Nf3 g6 3. Nc3 Bg7 4. d4 cxd4 5. Nxd4 Nc6 6. Be3 d6 7. Bb5 Bd7 8.
Bxc6 bxc6 9. O-O Nf6 10. Nf3 Ng4 11. Qd2 Nxe3 12. Qxe3 O-O 13. Qd3 Bg4 14. Nd4
Qb6 15. Nb3 c5 16. Nd5 Qb7 17. c3 Rac8 18. f3 Be6 19. Qc4 Bxd5 20. exd5 Rfe8
21. Rae1 a5 22. Re2 a4 23. Na5 Qd7 24. Rfe1 e6 25. dxe6 fxe6 26. Rxe6 Kh8 27.
Qg4 Be5 28. Rxe8+ Qxe8 29. Nc4 Bxh2+ 30. Kxh2 Qc6 31. Na5 Qc7 32. Qxa4 d5+ 33.
Kg1 Ra8 34. Re8+ Rxe8 35. Qxe8+ Kg7 36. Nb3 c4 37. Nd4 Kh6 38. Qb5 Qe5 39. Kf2
Kh5 40. a4 Kh4 41. a5 Qg3+ 42. Kf1 Qe5 43. a6 Kg3 44. a7 Qe3 45. Qb8+ Kh4 46.
g3+ Kh3 47. a8=Q Qd3+ 48. Ke1 Qe3+ 49. Kd1 Qd3+ 50. Kc1 Qf1+ 51. Kd2 Qd3+ 52.
Ke1 Qe3+ 53. Ne2 Kg2 54. Qxd5 Qf2+ 55. Kd2 Kf1 56. Qxc4 Qxg3 57. Qxg3 1-0

[Event "Tournoi Skype 032B"]
[Site "Skype"]
[Date "????.??.??"]
[Round "4.48"]
[White "Hernandez Lopez, Joaquin"]
[Black "Pedroso, Adriel"]
[Result "0-1"]
[WhiteElo "1439"]
[BlackElo "1400"]
[PlyCount "44"]

1. e4 e6 2. d4 d5 3. exd5 exd5 4. Bd3 Nf6 5. Bg5 Be7 6. Nf3 h6 7. Bh4 Nbd7 8.
Nbd2 c5 9. c3 Qb6 10. Qb3 Qe6+ 11. Be2 Nh5 12. Bxe7 Qxe7 13. Qxd5 Nf4 14. Ne5
Nxd5 15. Bc4 Nxe5 16. O-O O-O 17. Rfe1 Qg5 18. dxe5 Nf4 19. g3 Nh3+ 20. Kg2
Qxd2 21. Rad1 Qxf2+ 22. Kh1 Qf3# 0-1